| 000 | 01374nam2a22002291 4500 | ||
|---|---|---|---|
| 001 | rc\276113 | ||
| 005 | 20250621063351.0 | ||
| 035 | _a(NLR Aleph) 005627051 | ||
| 090 |
_a6542651 _c6542651 |
||
| 100 | _a20030307d1990 |||y0rusy50 ca | ||
| 101 | 0 | _arus | |
| 102 | _aRU | ||
| 105 | _aa ||||||||| | ||
| 200 | 0 |
_a... в 1986 году. Вып. 3-4 _f[Сост. С.С. Петров и др.] |
|
| 210 |
_d1990 _aБ. м. |
||
| 215 |
_a165 с. _cил. |
||
| 461 | 0 |
_1001rc\276112 _12001#$aКаталог художественных произведений, принятых по договорам и приобретенных Министерством культуры СССР...$f... Всесоюз. худож.-произв. об-ние им. Е.В. Вучетича$v... в 1986 году. Вып. 3-4 _96542644 _aСССР. Министерство культуры _cМ. _d1990 _f... Всесоюз. худож.-произв. об-ние им. Е.В. Вучетича _nВРИБ "Союзрекламкультура" _tКаталог художественных произведений, принятых по договорам и приобретенных Министерством культуры СССР... _v... в 1986 году. Вып. 3-4 |
|
| 801 | 0 |
_aRU _bNLR _gpsbo |
|
| 801 | 1 |
_aRU _bELAR _2rusmarc |
|
| 852 |
_aNLR _bЭ _jКИс134/11/3-4 |
||
| 942 | _cBOOK | ||
| 980 | _aNB | ||